[Event "7052-Championnat de la Loire OPEN"]
[Site "Loire"]
[Date "2006.04.15"]
[Round "7.10"]
[White "Goudet, Maxence"]
[Black "Daillere, Roland"]
[Result "1-0"]
[WhiteElo "1370"]
[BlackElo "1499"]
[PlyCount "75"]
[EventDate "2006.??.??"]

1. e4 e5 2. Nf3 Nc6 3. Bb5 Nf6 4. Nc3 a6 5. Bxc6 bxc6 6. d4 exd4 7. Qxd4 c5 8.
Qe5+ Be7 9. Nd5 d6 10. Nxf6+ gxf6 11. Qh5 Bb7 12. Qg4 Qd7 13. Qxd7+ Kxd7 14.
Nd2 d5 15. f3 dxe4 16. Nxe4 f5 17. Nc3 Rae8 18. Be3 Bg5 19. O-O-O+ Kc8 20. Bxg5
h6 21. Bf4 Bc6 22. Rhe1 h5 23. Bg5 Rhg8 24. Rxe8+ Bxe8 25. Rd8+ Kb7 26. h4 f6
27. Bxf6 Bf7 28. Rxg8 Bxg8 29. Kd2 Kc6 30. Ke3 Kd6 31. Kf4 Ke6 32. Bd8 Kd7 33.
Bg5 Ke6 34. g4 fxg4 35. fxg4 hxg4 36. Kxg4 Ke5 37. Kh5 Kd4 38. Kg6 1-0

[Event "7052-Championnat de la Loire OPEN"]
[Site "Loire"]
[Date "2006.04.15"]
[Round "7.11"]
[White "Mialon, Franck"]
[Black "Trottet, Francois"]
[Result "1/2-1/2"]
[WhiteElo "1370"]
[BlackElo "1390"]
[PlyCount "106"]
[EventDate "2006.??.??"]

1. e4 c5 2. Nf3 Nc6 3. c3 e6 4. d4 cxd4 5. cxd4 Bb4+ 6. Bd2 Qb6 7. a3 Bxd2+ 8.
Qxd2 h6 9. Bc4 Nf6 10. h3 Nxe4 11. Qc2 d5 12. Ba2 Bd7 13. O-O Nxd4 14. Nxd4
Qxd4 15. Nc3 Rc8 16. Rad1 Qf6 17. Qe2 Nxc3 18. bxc3 Rxc3 19. Bxd5 O-O 20. Bxb7
Rd8 21. Qa6 Qg5 22. Qxa7 Rxh3 23. Bc6 Bxc6 24. Rxd8+ Kh7 25. f3 Bxf3 26. Rxf3
Rxf3 27. Qb7 Qc5+ 28. Kh2 Rf5 29. Qe4 Qxa3 30. g4 Qb2+ 31. Kh1 Qc1+ 32. Kg2
Qb2+ 33. Kg1 Qf2+ 34. Kh1 Qh4+ 35. Kg1 Qxd8 36. gxf5 Kg8 37. fxe6 fxe6 38.
Qxe6+ Kh8 39. Qg6 Qg5+ 40. Qxg5 hxg5 41. Kg2 Kh7 42. Kg3 Kh6 43. Kg4 g6 44. Kg3
Kh5 45. Kh3 g4+ 46. Kg3 g5 47. Kg2 Kh4 48. Kh2 g3+ 49. Kg2 Kg4 50. Kg1 Kf3 51.
Kh1 g4 52. Kg1 g2 53. Kh2 Kf2 1/2-1/2

[Event "7052-Championnat de la Loire OPEN"]
[Site "Loire"]
[Date "2006.04.15"]
[Round "7.12"]
[White "Brachet, Gerard"]
[Black "Trenteseaux, Alain"]
[Result "1-0"]
[WhiteElo "1370"]
[BlackElo "1610"]
[PlyCount "57"]
[EventDate "2006.??.??"]

1. e4 c5 2. c4 e6 3. Nc3 d6 4. Nf3 Nc6 5. d4 cxd4 6. Nxd4 Nf6 7. Be3 Be7 8. Be2
O-O 9. a3 a6 10. Nxc6 bxc6 11. b4 Bd7 12. c5 d5 13. e5 Ne4 14. Qd3 Nxc3 15.
Qxc3 f6 16. Bd4 fxe5 17. Bxe5 Bf6 18. O-O Bxe5 19. Qxe5 Rf5 20. Qd6 e5 21. Bg4
Rf7 22. Be6 Bxe6 23. Qxe6 Qc7 24. Rae1 e4 25. f3 Raf8 26. fxe4 dxe4 27. Rxe4
Kh8 28. Rxf7 Qxf7 29. Qxf7 1-0

[Event "7052-Championnat de la Loire OPEN"]
[Site "Loire"]
[Date "2006.04.15"]
[Round "7.13"]
[White "Lille, Gauthier"]
[Black "Choquelle, Jean"]
[Result "1-0"]
[WhiteElo "1370"]
[BlackElo "1130"]
[PlyCount "68"]
[EventDate "2006.??.??"]

1. e4 e5 2. Nf3 Nc6 3. Bb5 Nf6 4. Nc3 Be7 5. Bxc6 bxc6 6. Nxe5 Bb7 7. Ng4 d6 8.
Nxf6+ Bxf6 9. d3 O-O 10. O-O d5 11. Be3 d4 12. Bxd4 Bxd4 13. Ne2 Bxb2 14. Rb1
Qf6 15. d4 Bc8 16. Rxb2 Be6 17. e5 Qg6 18. Nf4 Qg4 19. Nxe6 Qxe6 20. c3 a5 21.
Qb3 Qd7 22. a4 Rab8 23. Qxb8 g6 24. Qa7 Kg7 25. Qxa5 Qd5 26. Qxd5 cxd5 27. a5
Ra8 28. Rfb1 Ra6 29. Rb7 c6 30. e6 Kf6 31. e7 Ra8 32. a6 Re8 33. a7 Rxe7 34.
Rxe7 Kxe7 1-0

[Event "7052-Championnat de la Loire OPEN"]
[Site "Loire"]
[Date "2006.04.15"]
[Round "7.14"]
[White "Paratcha, Yohan"]
[Black "Rogues, Jean-Luc"]
[Result "0-1"]
[WhiteElo "1310"]
[BlackElo "1470"]
[PlyCount "82"]
[EventDate "2006.??.??"]

1. e4 e5 2. Nf3 Nc6 3. d4 exd4 4. Nxd4 Qf6 5. c3 Bc5 6. Be3 Nge7 7. Bc4 O-O 8.
O-O Ne5 9. Bb3 d6 10. Re1 Ng4 11. Qd2 Nxe3 12. Qxe3 Nc6 13. Rd1 Ne5 14. h3 Bd7
15. Nd2 b6 16. a3 a5 17. N2f3 Nxf3+ 18. Qxf3 Bxd4 19. Rxd4 Qxf3 20. gxf3 Bxh3
21. Bd5 Rab8 22. b3 Be6 23. Bxe6 fxe6 24. Kg2 Rf6 25. Kg3 Rbf8 26. Rd3 e5 27.
a4 b5 28. Rc1 c5 29. c4 Rg6+ 30. Kh3 Rff6 31. Rcd1 Kf7 32. Re3 Ke7 33. Rd5 Rf4
34. Rdd3 Rgf6 35. Kg3 g5 36. Rd2 h5 37. Kg2 g4 38. fxg4 Rxg4+ 39. Kh2 Rgf4 40.
f3 Rg6 41. Rd1 Rh4# 0-1

[Event "7052-Championnat de la Loire OPEN"]
[Site "Loire"]
[Date "2006.04.15"]
[Round "7.15"]
[White "Veyrat, Gerard"]
[Black "Masson, Guillaume"]
[Result "1-0"]
[WhiteElo "1240"]
[BlackElo "1190"]
[PlyCount "65"]
[EventDate "2006.??.??"]

1. d4 d5 2. c4 c6 3. e3 Nf6 4. Bd3 Bg4 5. Nf3 Nbd7 6. Nbd2 e5 7. Qc2 Bb4 8.
dxe5 Bxf3 9. gxf3 Nxe5 10. a3 Bxd2+ 11. Bxd2 Nxf3+ 12. Ke2 Ng5 13. Qc3 O-O 14.
f4 Nge4 15. Bxe4 Nxe4 16. Qd4 c5 17. Qxd5 Qxd5 18. cxd5 Rad8 19. Rad1 Rxd5 20.
Bc3 Rdd8 21. Rxd8 Rxd8 22. Kf3 Nd2+ 23. Ke2 Nb3 24. Kf3 Nd2+ 25. Ke2 Ne4 26.
Rg1 Nxc3+ 27. bxc3 b5 28. Kf3 a5 29. Ke4 Ra8 30. Rb1 Rb8 31. Kd5 b4 32. Kxc5
bxa3 33. Rxb8# 1-0

[Event "7052-Championnat de la Loire OPEN"]
[Site "Loire"]
[Date "2006.04.15"]
[Round "7.16"]
[White "Geraci, Georges"]
[Black "Gerey, Jean-Pierre"]
[Result "1-0"]
[WhiteElo "1220"]
[BlackElo "1350"]
[PlyCount "41"]
[EventDate "2006.??.??"]

1. e4 e5 2. Nf3 Nc6 3. Nc3 Nf6 4. Bc4 Bc5 5. Bxf7+ Kxf7 6. Ng5+ Ke7 7. Qf3 Nd4
8. Qd3 c6 9. h3 d6 10. a3 Re8 11. b4 Bb6 12. Na4 Bc7 13. Bb2 b5 14. Nc3 Kf8 15.
O-O Kg8 16. Rfe1 d5 17. exd5 Nxd5 18. Qxh7+ Kf8 19. Qh8+ Ke7 20. Qxg7+ Kd6 21.
Nce4# 1-0

[Event "7052-Championnat de la Loire OPEN"]
[Site "Loire"]
[Date "2006.04.15"]
[Round "8.1"]
[White "Doran, Niall"]
[Black "Chabas, Jean-Luc"]
[Result "1/2-1/2"]
[WhiteElo "1760"]
[BlackElo "1590"]
[PlyCount "52"]
[EventDate "2006.??.??"]

1. e4 c6 2. d4 d5 3. Nc3 dxe4 4. Nxe4 Bf5 5. Ng3 Bg6 6. Nf3 h6 7. Bc4 e6 8. O-O
Nf6 9. Re1 Be7 10. Ne5 Bh7 11. c3 O-O 12. Be3 Nbd7 13. f4 Qc7 14. Rf1 Nb6 15.
Bd3 Bxd3 16. Qxd3 c5 17. Kh1 cxd4 18. cxd4 Rac8 19. Rac1 Qd6 20. f5 Rxc1 21.
Rxc1 Rd8 22. fxe6 Qxe6 23. b3 Nbd5 24. Nf5 Nxe3 25. Nxe7+ Qxe7 26. Qxe3 Nd5
1/2-1/2

[Event "7052-Championnat de la Loire OPEN"]
[Site "Loire"]
[Date "2006.04.15"]
[Round "8.2"]
[White "Maestracci, Olivier"]
[Black "Doucet, Medhi"]
[Result "1/2-1/2"]
[WhiteElo "1699"]
[BlackElo "1620"]
[PlyCount "86"]
[EventDate "2006.??.??"]

1. e4 e5 2. Nf3 Nc6 3. d4 exd4 4. Nxd4 d6 5. Nc3 Nf6 6. Bf4 h6 7. Qd2 g6 8.
O-O-O Bg7 9. Nxc6 bxc6 10. Bc4 Nd7 11. f3 Ne5 12. Bb3 Be6 13. h4 Bxb3 14. cxb3
f6 15. Kb1 g5 16. Bxe5 dxe5 17. Qxd8+ Rxd8 18. Rxd8+ Kxd8 19. hxg5 hxg5 20.
Rxh8+ Bxh8 21. g4 Kd7 22. Kc2 c5 23. Kd3 Bg7 24. Kc4 Kc6 25. Nd5 Kd6 26. Nc3
Kc6 27. Ne2 Bf8 28. Ng3 Be7 29. Nh5 a6 30. Ng7 Bf8 31. Nf5 Kd7 32. Kd5 c6+ 33.
Kc4 Kc7 34. Ne3 a5 35. Nc2 Kd7 36. Ne3 Be7 37. Kc3 Ke6 38. Nc4 Bd8 39. Ne3 Kd7
40. Nf5 Bb6 41. Kc4 Ke6 42. Ng7+ Ke7 43. Nf5+ Ke6 1/2-1/2

[Event "7052-Championnat de la Loire OPEN"]
[Site "Loire"]
[Date "2006.04.15"]
[Round "8.3"]
[White "Pareux, Marc"]
[Black "Borron, Herve"]
[Result "1-0"]
[WhiteElo "1570"]
[BlackElo "1790"]
[PlyCount "48"]
[EventDate "2006.??.??"]

1. d4 f5 2. e4 fxe4 3. Nc3 Nf6 4. f3 exf3 5. Nxf3 g6 6. Bc4 Bg7 7. O-O e6 8. d5
O-O 9. dxe6 dxe6 10. Qe1 Qe7 11. Bg5 Qc5+ 12. Kh1 Qxc4 13. Rd1 Nc6 14. Nd2 Qc5
15. Qh4 Nd5 16. Nde4 Qb4 17. a3 Qxb2 18. Rxf8+ Kxf8 19. Qxh7 Nce7 20. Nxd5 exd5
21. Bxe7+ Kxe7 22. Qh4+ Bf6 23. Qh7+ Ke6 24. Qg8+ Ke5 1-0

[Event "7052-Championnat de la Loire OPEN"]
[Site "Loire"]
[Date "2006.04.15"]
[Round "8.4"]
[White "Granger, Thierry"]
[Black "Desassis, Maxence"]
[Result "1-0"]
[WhiteElo "1490"]
[BlackElo "1590"]
[PlyCount "120"]
[EventDate "2006.??.??"]

1. d4 d6 2. Nf3 Bg4 3. e3 Nf6 4. c4 g6 5. Nc3 Bg7 6. h3 Bxf3 7. Qxf3 c6 8. a3
Nbd7 9. b4 O-O 10. Bd3 Qc7 11. O-O Rfe8 12. Re1 e5 13. dxe5 Nxe5 14. Qd1 Nxd3
15. Qxd3 d5 16. Bb2 Rad8 17. cxd5 Nxd5 18. Qc2 Nxc3 19. Bxc3 Bxc3 20. Qxc3 Qe5
21. Qc2 a5 22. Rab1 Rd7 23. Red1 Red8 24. Rxd7 Rxd7 25. Qb3 axb4 26. axb4 Rd5
27. Rc1 Rb5 28. Rc4 c5 29. Qa4 Rxb4 30. Rxb4 cxb4 31. Qxb4 b5 32. e4 Kg7 33. f3
Qa1+ 34. Kf2 Qa2+ 35. Kg3 Qc4 36. Qxc4 bxc4 37. f4 Kf6 38. Kf3 g5 39. g3 gxf4
40. gxf4 c3 41. Ke3 c2 42. Kd2 c1=Q+ 43. Kxc1 Kg6 44. Kd2 Kh6 45. f5 Kg5 46.
Ke3 h5 47. Kf3 Kf6 48. Kf4 h4 49. e5+ Kg7 50. Kg4 Kh6 51. Kxh4 Kh7 52. Kg5 Kg8
53. Kf6 Kf8 54. h4 Ke8 55. h5 Kd7 56. h6 Kc6 57. h7 Kd5 58. h8=Q Ke4 59. Qh4+
Kd5 60. Qh1+ Kc4 1-0

[Event "7052-Championnat de la Loire OPEN"]
[Site "Loire"]
[Date "2006.04.15"]
[Round "8.5"]
[White "Minchilli, Franco"]
[Black "Gregoire, Patrick"]
[Result "1-0"]
[WhiteElo "1690"]
[BlackElo "1550"]
[PlyCount "45"]
[EventDate "2006.??.??"]

1. e4 e5 2. Nf3 Nc6 3. Bc4 Nf6 4. d3 d5 5. exd5 Nxd5 6. Nbd2 Be7 7. Ne4 h6 8.
h3 f5 9. Nc3 Be6 10. Nh2 Nxc3 11. Qh5+ Kd7 12. Bxe6+ Kxe6 13. bxc3 Kd7 14.
Qxf5+ Ke8 15. Nf3 Bf6 16. O-O Rf8 17. Ba3 Be7 18. Qg6+ Kd7 19. Qxg7 Ke8 20.
Bxe7 Nxe7 21. Nxe5 Nf5 22. Qg4 b6 23. Qe4 1-0

[Event "7052-Championnat de la Loire OPEN"]
[Site "Loire"]
[Date "2006.04.15"]
[Round "8.6"]
[White "Jedidi, Brahim"]
[Black "Furnon, Yannick"]
[Result "1/2-1/2"]
[WhiteElo "1810"]
[BlackElo "1499"]
[PlyCount "112"]
[EventDate "2006.??.??"]

1. d4 d5 2. Bg5 c6 3. c3 Nd7 4. Nf3 Ngf6 5. Nbd2 e6 6. e4 dxe4 7. Nxe4 Be7 8.
Bxf6 Nxf6 9. Bd3 b6 10. Qa4 Qc7 11. Ne5 Bb7 12. O-O O-O 13. f4 Rfd8 14. Qc2 h6
15. Qe2 c5 16. Nxf6+ Bxf6 17. Rad1 a6 18. Kh1 b5 19. Be4 cxd4 20. cxd4 Bxe4 21.
Qxe4 Rd5 22. Rc1 Qb6 23. Rfd1 Bxe5 24. dxe5 Rxd1+ 25. Rxd1 Rd8 26. Rc1 Qd4 27.
Qxd4 Rxd4 28. g3 Rd2 29. Rc8+ Kh7 30. Ra8 Rxb2 31. Rxa6 b4 32. Ra7 Kg6 33. Rb7
Kh5 34. h3 Kg6 35. Kg1 f6 36. exf6 gxf6 37. Rb6 Kf5 38. Kf1 h5 39. Kg1 e5 40.
Rb5 Ke4 41. fxe5 fxe5 42. Rb8 Ke3 43. g4 hxg4 44. hxg4 Kf4 45. Rb5 Kxg4 46.
Rxe5 Rxa2 47. Re4+ Kg3 48. Re3+ Kf4 49. Rb3 Ra4 50. Kf2 Ke4 51. Ke2 Kd4 52. Kd2
Kc4 53. Rh3 Ra2+ 54. Kc1 b3 55. Kb1 Rf2 56. Re3 Kb4 1/2-1/2

[Event "7052-Championnat de la Loire OPEN"]
[Site "Loire"]
[Date "2006.04.15"]
[Round "8.7"]
[White "Zennaf, Karim"]
[Black "Gregoire, Michele"]
[Result "1/2-1/2"]
[WhiteElo "1199"]
[BlackElo "1410"]
[PlyCount "124"]
[EventDate "2006.??.??"]

1. Nf3 Nf6 2. g3 d5 3. Bg2 e6 4. O-O Bd6 5. d3 Nc6 6. Nbd2 Ne5 7. Nxe5 Bxe5 8.
c4 c6 9. e3 O-O 10. d4 Bc7 11. b4 a6 12. c5 b6 13. a4 bxc5 14. bxc5 Rb8 15. Ba3
Re8 16. f4 Nd7 17. Qe2 f5 18. Rab1 Nf6 19. Rxb8 Bxb8 20. Rb1 Bd7 21. h3 h5 22.
Bf3 g6 23. g4 hxg4 24. hxg4 Re7 25. g5 Ne4 26. Bxe4 fxe4 27. Kg2 Rh7 28. Rh1
Qe7 29. Qf1 Rxh1 30. Qxh1 Qh7 31. Qxh7+ Kxh7 32. Nf1 Kg7 33. Bc1 Kf7 34. Bd2
Kg7 35. a5 Bc8 36. Nh2 Bc7 37. Ng4 Kf8 38. Kg3 Kf7 39. Kh4 Kf8 40. Nf2 Kf7 41.
Nd1 Ke7 42. Nb2 Bb7 43. Be1 Kf7 44. Nd1 Bc8 45. Nf2 Kg7 46. Nh1 Kf7 47. Ng3 Bd7
48. Ne2 Bc8 49. Nc1 Bb7 50. Nb3 Ke7 51. Bg3 Bc8 52. f5 Bxg3+ 53. Kxg3 exf5 54.
Kf4 Ke6 55. Nc1 Kd7 56. Ke5 Ke7 57. Nb3 Bb7 58. Nc1 Bc8 59. Ne2 Bd7 60. Nf4 Be8
61. Ne6 Bd7 62. Nc7 Be8 1/2-1/2

[Event "7052-Championnat de la Loire OPEN"]
[Site "Loire"]
[Date "2006.04.15"]
[Round "8.8"]
[White "Thevenet, Olivier"]
[Black "Desassis, Gregoire"]
[Result "0-1"]
[WhiteElo "1550"]
[BlackElo "1670"]
[PlyCount "124"]
[EventDate "2006.??.??"]

1. d4 d5 2. c4 e6 3. Nc3 Nf6 4. Bg5 Bb4 5. Rc1 h6 6. Bh4 g5 7. Bg3 Ne4 8. Be5
f6 9. Bg3 Nxg3 10. hxg3 Nc6 11. e3 e5 12. dxe5 Be6 13. exf6 dxc4 14. Qxd8+ Rxd8
15. a3 Ba5 16. Be2 Kd7 17. Rd1+ Kc8 18. Nh3 Rhf8 19. O-O Rxf6 20. Rxd8+ Kxd8
21. Rd1+ Kc8 22. Bf3 Ne5 23. Be2 c6 24. Ne4 Rf8 25. Rd6 Bd5 26. Nf6 Nf7 27. Rd7
Ne5 28. Rd6 Bc7 29. Nh7 Bxd6 30. Nxf8 Bxf8 31. f4 gxf4 32. gxf4 Nd3 33. b4 Ne1
34. Bd1 Nxg2 35. Kf2 Nh4 36. Ng1 c5 37. b5 Kc7 38. Ne2 Bf3 39. Nc3 Bxd1 40.
Nxd1 Nf5 41. Nc3 Kb6 42. a4 Nd6 43. Nd5+ Ka5 44. Nc3 a6 45. bxa6 Kxa6 46. Kf3
Kb6 47. Nd5+ Kc6 48. Nc3 Bg7 49. Ne2 b5 50. axb5+ Kxb5 51. e4 Kb4 52. e5 Nf7
53. e6 Nd6 54. Ke3 c3 55. Kd3 c4+ 56. Kc2 Nf5 57. Kc1 Bf6 58. Kc2 h5 59. Ng1
Ng7 60. Nh3 Nxe6 61. f5 Nd4+ 62. Kc1 Nxf5 0-1

[Event "7052-Championnat de la Loire OPEN"]
[Site "Loire"]
[Date "2006.04.15"]
[Round "8.9"]
[White "Trottet, Francois"]
[Black "Goudet, Maxence"]
[Result "1/2-1/2"]
[WhiteElo "1390"]
[BlackElo "1370"]
[PlyCount "57"]
[EventDate "2006.??.??"]

1. e4 e6 2. d4 d5 3. Nc3 Bb4 4. e5 Ne7 5. Bd3 Nbc6 6. Nf3 h6 7. O-O b6 8. Ne2
Nf5 9. c3 Be7 10. Ng3 Nxg3 11. fxg3 O-O 12. Bf4 Bd7 13. Qd2 g5 14. Be3 f6 15.
exf6 Bxf6 16. Qc2 Qe7 17. Rae1 Qg7 18. Bc1 Rae8 19. h3 e5 20. dxe5 Nxe5 21.
Nxe5 Bxe5 22. Rxf8+ Kxf8 23. Rf1+ Kg8 24. Kh2 Rf8 25. Qe2 Rxf1 26. Qxf1 Qf7 27.
Qe2 Bd6 28. b4 Qe6 29. Qxe6+ 1/2-1/2

[Event "7052-Championnat de la Loire OPEN"]
[Site "Loire"]
[Date "2006.04.15"]
[Round "8.10"]
[White "Brachet, Gerard"]
[Black "Mialon, Franck"]
[Result "1-0"]
[WhiteElo "1370"]
[BlackElo "1370"]
[PlyCount "41"]
[EventDate "2006.??.??"]

1. e4 e5 2. Nf3 Nc6 3. c4 d6 4. Nc3 Bg4 5. Be2 Nf6 6. d3 h6 7. g3 Qd7 8. h3
Bxf3 9. Bxf3 Nd4 10. Be3 O-O-O 11. Nd5 c6 12. Nxf6 gxf6 13. Bxd4 exd4 14. Bg4
f5 15. Bxf5 Qxf5 16. exf5 Re8+ 17. Kf1 Be7 18. Qg4 Kb8 19. Qxd4 c5 20. Qd5 Bf6
21. Qxd6+ 1-0

[Event "7052-Championnat de la Loire OPEN"]
[Site "Loire"]
[Date "2006.04.15"]
[Round "8.11"]
[White "Lille, Gauthier"]
[Black "Volay, Pascal"]
[Result "0-1"]
[WhiteElo "1370"]
[BlackElo "1330"]
[PlyCount "130"]
[EventDate "2006.??.??"]

1. e4 e5 2. Nf3 Nc6 3. Bb5 a6 4. Bxc6 dxc6 5. Nc3 Bg4 6. h3 Bxf3 7. Qxf3 Qf6 8.
Qxf6 Nxf6 9. d3 h6 10. a4 Bb4 11. Bd2 Bxc3 12. Bxc3 Nd7 13. d4 exd4 14. Bxd4 f6
15. b4 O-O 16. O-O Rfe8 17. Rfe1 Rad8 18. Rad1 Nf8 19. c3 Ne6 20. a5 Rd6 21. e5
fxe5 22. Bxe5 Rdd8 23. Rxd8 Rxd8 24. f4 g6 25. g4 Rf8 26. Rf1 Rf7 27. f5 gxf5
28. gxf5 Ng5 29. Kh2 Ne4 30. f6 Nd6 31. Rg1+ Kh7 32. Rg7+ Rxg7 33. fxg7 Kg8 34.
Kg3 Nf5+ 35. Kg4 Nxg7 36. Bxg7 Kxg7 37. h4 Kg6 38. h5+ Kf6 39. Kf4 Ke6 40. Ke4
b6 41. c4 c5 42. bxc5 bxc5 43. Kf4 Kf6 44. Kg4 Ke5 45. Kg3 Kf5 46. Kh4 c6 47.
Kg3 Kg5 48. Kf3 Kxh5 49. Ke4 Kg5 50. Ke5 h5 51. Kd6 h4 52. Kxc6 h3 53. Kxc5 h2
54. Kb6 h1=Q 55. c5 Qg1 56. Kc6 Kf5 57. Kd6 Qd4+ 58. Kc6 Ke6 59. Kb6 Qb4+ 60.
Kxa6 Qxc5 61. Kb7 Qxa5 62. Kc8 Kd6 63. Kb7 Kd7 64. Kb8 Kc6 65. Kc8 Qc7# 0-1

[Event "7052-Championnat de la Loire OPEN"]
[Site "Loire"]
[Date "2006.04.15"]
[Round "8.12"]
[White "Daillere, Roland"]
[Black "Gidon, Rene"]
[Result "0-1"]
[WhiteElo "1499"]
[BlackElo "1650"]
[PlyCount "76"]
[EventDate "2006.??.??"]

1. e4 e5 2. Nf3 Nc6 3. d4 exd4 4. Nxd4 Bc5 5. Nxc6 bxc6 6. Bc4 Qe7 7. O-O Bb7
8. Bf4 d6 9. Re1 Qf6 10. Qd2 Ne7 11. e5 Qg6 12. e6 d5 13. Bd3 Qh5 14. Bxc7 O-O
15. Be2 Qf5 16. Qf4 fxe6 17. Qxf5 Rxf5 18. Rf1 Raf8 19. Bg3 e5 20. Nd2 e4 21.
Bg4 Rg5 22. h3 Nf5 23. Kh2 Nxg3 24. Kxg3 Bd6+ 25. Kh4 Re5 26. f4 exf3 27. Nxf3
Re4 28. Rae1 Rxe1 29. Rxe1 Bc5 30. Re2 Ba6 31. Re6 Bf2+ 32. Kh5 g6+ 33. Kg5 Kg7
34. Re7+ Rf7 35. Rxf7+ Kxf7 36. Ne5+ Kg7 37. Nxc6 Bg3 38. Nxa7 h6# 0-1

[Event "7052-Championnat de la Loire OPEN"]
[Site "Loire"]
[Date "2006.04.15"]
[Round "8.13"]
[White "Rogues, Jean-Luc"]
[Black "Pendrigh, Robin"]
[Result "0-1"]
[WhiteElo "1470"]
[BlackElo "1600"]
[PlyCount "122"]
[EventDate "2006.??.??"]

1. d4 e6 2. c4 d5 3. Nc3 Nf6 4. e3 Nbd7 5. Bd3 Bd6 6. Nf3 c6 7. c5 Bc7 8. Qc2
e5 9. Bf5 e4 10. Bxd7+ Nxd7 11. Nd2 f5 12. f3 O-O 13. f4 Nf6 14. O-O Ng4 15.
Nb3 h5 16. h3 Nh6 17. Qe2 Qh4 18. Bd2 g6 19. Be1 Qf6 20. Bg3 Bd7 21. Qf2 Kh7
22. Bh4 Qg7 23. Qg3 Nf7 24. Nd2 Rg8 25. Bg5 Rae8 26. Qh4 Nxg5 27. Qxg5 Qh6 28.
h4 Qxg5 29. fxg5 Bg3 30. a4 Bxh4 31. b4 Bxg5 32. Kf2 a6 33. b5 Ra8 34. Nb3 a5
35. Ke2 Rgf8 36. Rf2 Bh4 37. Rff1 Bg3 38. Kd2 f4 39. exf4 Rxf4 40. Ne2 Rf2 41.
Ke3 Rxf1 42. Rxf1 Kg7 43. Nxg3 cxb5 44. axb5 Bxb5 45. Ra1 a4 46. Nd2 Kf6 47.
Ne2 g5 48. Nc3 Bc6 49. Nb3 b5 50. cxb6 axb3 51. Rxa8 Bxa8 52. Na4 Ke7 53. Kd2
Bc6 54. Kc3 Kd8 55. Nc5 b2 56. Kxb2 Kc8 57. Kc3 h4 58. Kb4 g4 59. Ka5 Bb7 60.
Ne6 e3 61. Nf4 h3 0-1

[Event "7052-Championnat de la Loire OPEN"]
[Site "Loire"]
[Date "2006.04.15"]
[Round "8.14"]
[White "Trenteseaux, Alain"]
[Black "Geraci, Georges"]
[Result "1-0"]
[WhiteElo "1610"]
[BlackElo "1220"]
[PlyCount "87"]
[EventDate "2006.??.??"]

1. e4 e5 2. Nf3 f6 3. Nxe5 Qe7 4. Qh5+ g6 5. Nxg6 Qf7 6. Be2 Qxg6 7. d3 d6 8.
f4 Qxh5 9. Bxh5+ Kd8 10. f5 Nc6 11. Be3 Nb4 12. Bd1 b6 13. a3 Nc6 14. Nc3 Nge7
15. Bf3 a6 16. d4 Nb8 17. g4 h6 18. e5 c6 19. exf6 Ra7 20. fxe7+ Rxe7 21. Kd2
Nd7 22. Bxc6 Nf6 23. h3 Bb7 24. Bxb7 Rxb7 25. Bf4 Rd7 26. Rae1 d5 27. Re6 Ne4+
28. Nxe4 dxe4 29. Rxe4 Kc8 30. Rhe1 Rhh7 31. c3 Rde7 32. Rxe7 Bxe7 33. Re6 Kd7
34. Rxb6 a5 35. Rxh6 Rf7 36. Bg3 Bf8 37. Ra6 Rg7 38. Rxa5 Ke8 39. Ra8+ Kf7 40.
Ra7+ Be7 41. Bh4 Kf8 42. Bxe7+ Rxe7 43. Rxe7 Kxe7 44. Kd3 1-0

[Event "7052-Championnat de la Loire OPEN"]
[Site "Loire"]
[Date "2006.04.15"]
[Round "8.15"]
[White "Veyrat, Gerard"]
[Black "Carrot, Axel"]
[Result "0-1"]
[WhiteElo "1240"]
[BlackElo "1450"]
[PlyCount "120"]
[EventDate "2006.??.??"]

1. d4 d5 2. e3 Nc6 3. Nc3 Nf6 4. Bb5 Bd7 5. Nf3 a6 6. Be2 e6 7. Na4 Be7 8. Nc5
Bxc5 9. dxc5 Qe7 10. Ng5 h6 11. Nf3 Qxc5 12. a3 O-O 13. b4 Qd6 14. Bb2 e5 15.
Nh4 Rfe8 16. c4 dxc4 17. Qxd6 cxd6 18. Bxc4 d5 19. Be2 d4 20. Bc1 Ne4 21. O-O
Na7 22. Bf3 Bc6 23. Bb2 dxe3 24. fxe3 Nd2 25. Bxc6 Nxc6 26. Rfd1 Nc4 27. Bc1
Rad8 28. Re1 Rd7 29. e4 Red8 30. Be3 Nxe3 31. Rxe3 Rd1+ 32. Rxd1 Rxd1+ 33. Kf2
Nd4 34. Nf3 Nxf3 35. Rxf3 Rd2+ 36. Kg3 Rd4 37. Re3 f6 38. Kf3 Kf8 39. g4 Ke7
40. h4 g5 41. h5 Kd7 42. Rc3 b6 43. Ke3 Rd1 44. Ke2 Rg1 45. Kf3 Rf1+ 46. Kg3
Rf4 47. Rd3+ Ke7 48. Rc3 a5 49. bxa5 bxa5 50. Rb3 Rxe4 51. Rb7+ Ke6 52. Kf3 Rd4
53. Rb5 Rd3+ 54. Ke4 Rxa3 55. Rb6+ Ke7 56. Kd5 Rd3+ 57. Ke4 Rd4+ 58. Ke3 Rxg4
59. Kf3 Rh4 60. Rb7+ Ke6 0-1

[Event "7052-Championnat de la Loire OPEN"]
[Site "Loire"]
[Date "2006.04.15"]
[Round "8.16"]
[White "Choquelle, Jean"]
[Black "Paratcha, Yohan"]
[Result "0-1"]
[WhiteElo "1130"]
[BlackElo "1310"]
[PlyCount "56"]
[EventDate "2006.??.??"]

1. c4 c6 2. Nc3 Nf6 3. d3 d5 4. Nf3 Bf5 5. e3 Nbd7 6. Be2 e5 7. O-O Bc5 8. a3
e4 9. Nd4 O-O 10. Nxf5 exd3 11. Bxd3 Ne5 12. Be2 a6 13. b4 Ba7 14. f4 Nxc4 15.
Bd3 Nd6 16. Qd2 Nxf5 17. Bxf5 Re8 18. Qe1 d4 19. Rf3 dxc3 20. h3 Nd5 21. Kh2
Qf6 22. Ra2 Qxf5 23. g4 Qe4 24. Re2 Qxf3 25. Rf2 Qe4 26. Qe2 Bxe3 27. Bxe3 Nxe3
28. f5 Nxg4+ 0-1

[Event "7052-Championnat de la Loire OPEN"]
[Site "Loire"]
[Date "2006.04.15"]
[Round "8.17"]
[White "Masson, Guillaume"]
[Black "Gerey, Jean-Pierre"]
[Result "0-1"]
[WhiteElo "1190"]
[BlackElo "1350"]
[PlyCount "122"]
[EventDate "2006.??.??"]

1. e4 e5 2. Nf3 Nc6 3. d4 exd4 4. Nxd4 Nxd4 5. Qxd4 d6 6. Nc3 Be6 7. Bc4 c5 8.
Qd3 Nf6 9. O-O Bxc4 10. Qxc4 Be7 11. Rd1 Qc7 12. Bf4 O-O 13. e5 dxe5 14. Be3 b6
15. Rd3 Rfd8 16. Rad1 Rxd3 17. Rxd3 Rd8 18. Bg5 Rxd3 19. Qxd3 c4 20. Qf5 Qd6
21. b3 b5 22. bxc4 b4 23. Nd5 Nxd5 24. cxd5 f6 25. Qc8+ Bf8 26. Bd2 Qxd5 27.
Be1 Qc5 28. Qxc5 Bxc5 29. c3 bxc3 30. Bxc3 Kf7 31. a4 Ke6 32. a5 a6 33. Kf1 Kd5
34. Ke2 Kc4 35. Bd2 Bb4 36. Bxb4 Kxb4 37. Kd2 Kxa5 38. Kc3 Ka4 39. f3 Ka3 40.
g3 a5 41. h3 a4 42. g4 Ka2 43. h4 Ka1 44. Kc2 a3 45. h5 a2 46. Kc1 g6 47. hxg6
hxg6 48. Kc2 f5 49. gxf5 gxf5 50. Kc1 e4 51. f4 e3 52. Kc2 e2 53. Kd2 e1=Q+ 54.
Kxe1 Kb2 55. Ke2 a1=Q 56. Ke3 Qa4 57. Kf3 Qe4+ 58. Kg3 Kc2 59. Kh4 Qxf4+ 60.
Kh5 Qg4+ 61. Kh6 Qg8 0-1